Saját hazájában nem lehet "próféta" a kender

Elmentve itt :
Bibliográfiai részletek
Szerző: Marosi János
Dokumentumtípus: Cikk
Megjelent: 1968-02-04
Sorozat:Délmagyarország 58 No. 29
Kulcsszavak:Kenderfeldolgozó ipar Szeged 1968, kender-, len- és szövőipar
Online Access:http://dmarchiv.bibl.u-szeged.hu/62641
LEADER 00517nab a2200157 i 4500
001 delm62641
005 20180927151306.0
008 180927s1968 hu o 0|| hun d
040 |a SZTE Délmagyarország Archívum  |b hun 
041 |a hun 
100 1 |a Marosi János 
245 1 0 |a Saját hazájában nem lehet "próféta" a kender  |h [elektronikus dokumentum] /  |c  Marosi János 
260 |c 1968-02-04 
300 |a 9 
490 0 |a Délmagyarország  |v 58 No. 29 
695 |a Kenderfeldolgozó ipar Szeged 1968, kender-, len- és szövőipar